Transliterate: Russian to Latin Alphabet - Statistics

General Stats
  • This quiz has been taken 249 times
  • The average score is 23 of 33
Answer Stats
Picture Answer % Correct
A a
99%
B b
97%
E e (ye)
95%
D d
93%
V v
89%
G g
87%
M m
86%
K k
84%
O o
84%
T t
83%
I i (t[ea])
82%
R r [rolled]
81%
N n
80%
S s
80%
P p
79%
L l
76%
U u (oo)
72%
F f
71%
Z z
71%
O o (yo)
69%
zh ([g]enre)
69%
H h [written: kh]
64%
Y y ([y]ogurt)
64%
sh ([sh]rimp)
61%
ch ([ch]imney)
59%
ts
50%
shch ([sh]oe)
48%
ya
46%
E e
44%
Y y (iew)
41%
yu
40%
[hardens the letter before]
21%
[softens the letter before]
20%
No matching quizzes found
Score Distribution
Percent of People with Each Score
Percentile by Number Answered
Your Score History
You have not taken this quiz